000 00371pab a2200145 454500
008 180718b2001 xxu||||| |||| 00| 0 eng d
100 _aBanerjee, G.D.
245 _aAgricultural extension: a critical review of different models
260 _c2001
300 _ap.31-39
362 _aSep
650 _aRural extension
773 _aMan and Development
909 _a50154
999 _c50154
_d50154